1688 1350 1881 1585 1407 1503 1493 1926 1954 1173 1824 1843 1436 1859 1289 1538 1897 1732 1903 1141 1943 1468 1568 1311 1046 1343 1879 1945 1607 1567 1012 1872 1993 1687 1920 1206 1472 1299 1067 1561 1095 1985 1090 1288 1732 1594 1960 1654 1069 1848 1167 1852 1728 1679 1761 1910 1144 1830 1823 1933 1973 1299 1992 1884 1293 1049 1786 1100 1051 1309 1019 1668 1112 1399 1615 1489 1858 1518 1741 1910 1133 1494 1860 1432 1373 1722 1960 1556 1887 1007 1286 1087 1285 1993 1007 1059 1860 1059 1148 BCNSPRNW ULIB Ver.6.0+V

เปลี่ยนเป็นภาษาไทย

Change to English
 แสดงรายละเอียดบรรณานุกรม
  กลับหน้าหลัก

Brief Record : Get Marc (ISO 2709) : E-mail record : QR code < ปิดหน้าต่าง
LEADER : 00000nam 2200000uu 4500
001    13399121927
003     ULIB
008    121214s2550||||th 000 0 tha d
020    ^a9789748820170
060 04 ^aWM188^bธ391ร 2550
100 0  ^aธวัช ประสาทฤทธา
245 00 ^aรู้โรค รู้รักษา นอนหลับและนอนไม่หลับ /^cธวัช ประสาทฤทธา... [และคนอื่นๆ]
246 30 ^aนอนหลับและนอนไม่หลับ
250    ^aพิมพ์ครั้งที่ 1
260    ^aกรุงเทพฯ :^bบุ๊คส์ ทู ยู,^c2550
300    ^a0128 หน้า :^bภาพประกอบ ;^c21 ซม.
440  0 ^aหนังสือชุดรู้โรค รู้รักษาและการดูแลสุขภาพด้วยตัวเอง
650  7 ^aการนอนหลับผิดปกติ
650  7 ^aการนอนหลับ
650  7 ^aการนอนไม่หลับ
700 0  ^aวนัทดา ถมค้าพาณิชย์
700 0  ^aกัมปนาท ตันสิถบุตรกุล
700 0  ^aนิติ พรวิศิษฏ์สกุล
945    ^p125^l0^i14298
999    ^aทศพร เกษรทอง
รายการนี้ยังไม่มีแท็ก
คุณยังไม่ได้ล็อกอิน คุณสามารถมีกิจกรรมร่วมกับเว็บไซต์ได้ แต่ต้องล็อกอินก่อน ::
  ล็อกอิน

รายการสื่อสารสนเทศ

ลำดับที่ ประเภท เลขเรียก/บาร์โค้ด สถานที่ สถานะ
1. วิทยาศาสตร์การแพทย์ และสุขภาพ
วิทยาศาสตร์การแพทย์ และสุขภาพ
WM188 ธ391ร 2550 ฉ.1 
  Barcode: 14298
ห้องสมุดวิทยาเขตสวรรค์ประชารักษ์
►ส่วนจัดเก็บหนังสือเก่า สปร
บนชั้น
  ขอยืม

รายการใกล้เคียง
    ผู้แต่ง [ธวัช ประสาทฤทธา]

    หัวเรื่อง [การนอนหลับผิดปกติ]
    หัวเรื่อง [การนอนหลับ]

BibComment


ยังไม่เคยถูกคอมเมนท์

คอมเมนท์ทรัพยากรรายการนี้
  คอมเมนท์: รู้โรค รู้รักษา ..


 Copyright 2026. Bcnsprnw @Library